000 00265nam a2200097Ia 4500
001 734520
005 20250826163835.0
008 250824s9999 xx 000 0 und d
245 0 _aBIYIKLARINI KESEN ŞAŞKIN KEDİ
_cŞEBNEM GÜLER KARACAN
260 _bYEDİVEREN ÇOCUK
999 _c734520
_d734520